000
00273nam a22001097a 4500
082
_a
962 AKR'M
100
_a
AKRAM, A. J. LIEUTENANT
_9
76512
245
_a
THE MUSLIM CONQUEST OF EGYPT AND NORTH AFRICA
260
_a
LAHORE
_b
FEROZ SONS
_c
1977
300
_a
310P
942
_c
BK
999
_c
581896
_d
581896